000 01038cab a22002295a 4500
001 L140368
008 070919e20070915xxkao f s 000 0 eng d
035 _a(Sirsi) u140368
041 0 _aeng
100 1 _aEvans, Nigel
245 0 0 _aEG residential
490 _aEstates Gazette
_v(0737) 15 September 2007, 103-137(19)
520 _aReports that the concept of eco-friendly homes is becoming more popular in the private sector. Also details issues affecting eco-friendly housebuilders. Across the residential market, slow sales seem likely to lead to increased rents. The return of social housing constructed using public funds is considered to be a possibility under Gordon Brown. Considers the benefits of a stricter regulation framework in order to improve the image of private landlords and managing agents.
590 _aKA
651 4 _aInternational
690 _aResidential property
_96266
700 1 _aDonnell, Richard
700 1 _aNorwood, Graham
700 1 _aBarnard, Lucy
700 1 _aNeale, Jon
942 _n0
999 _c79257
_d79257